Statystyki dla Prawda czy fałsz?

Kliknij tutaj aby rozwiązać quiz!

Ogólne statystyki

  • Ten quiz został rozwiązany 521 razy
    (432 od ostatniego zresetowania)
  • Średni wynik to 5 z 10

Statystyki odpowiedzi

ZagadnienieOdpowiedź% Poprawnych
Trójkąt Ilemii jest EtiopiiNie wiadomo
71%
Są dwie flagi państwowe, które posiadają kontur państwaPrawda
69%
Mount Everst leży w Nepalu i w IndiachFałsz
63%
Lesotho jest enklawą RPAPrawda
62%
Imperium Mongolskie sięgało po dzisiejszą Polskę (1279r.)Prawda
60%
W skład ZSRR wchodziło 15 krajówPrawda
56%
Najwyższy szczyt Hiszpanii to MusałaFałsz
50%
Nigeria była francuską koloniąFałsz
40%
W Szwajcarii są trzy języki urzędowe: francuski, niemiecki, włoski.Fałsz
38%
Najdłuższa rzeka na świecie to NilTo jeszcze nie jest potwierdzone
24%

Rozkład punktacji

Percentyl według liczby udzielonych odpowiedzi

Procent ludzi z każdym wynikiem

Twoja historia wyników

Nie rozwiązałeś tego quizu od ostatniego zresetowania